000 00699nam a2200265Ia 4500
005 20260121165223.0
008 008 260114s9999 xx 000 0 eng d
020 _a9784431552734
037 _aEBOOK
040 _aCRL
040 _beng
040 _cCRL
041 _2eng
041 _aeng
084 _qCRL
100 _aKuntoro Mangkusubroto, Utomo Sarjono Putro, Santi Novani, Kyoichi Kijima
_91048997
245 0 _aSystems Science for Complex Policy Making
260 _bSpringer
260 _bSpringer
260 _c2016
856 _uhttps://link.springer.com/openurl?genre=book&isbn=978-4-431-55273-4
942 _cEBOOK
999 _c1614722
_d1614722